Sur la législation et le commerce des grains / (Record no. 165913)

MARC details
000 -LEADER
campo de control de longitud fija 01444nam a22002775i 4500
001 - NÚMERO DE CONTROL
campo de control 165913
003 - IDENTIFICADOR DE NÚMERO DE CONTROL
campo de control ES-MaACL
005 - FECHA Y HORA DE LA ÚLTIMA TRANSACCIÓN
campo de control 20251013213706.0
008 - DATOS DE LONGITUD FIJA--INFORMACIÓN GENERAL
campo de control de longitud fija 990628s1848 fr |||| |dfre d
040 ## - FUENTE DE CATALOGACIÓN
Centro catalogador/agencia de origen CCPB | B
Lengua de catalogación spa
Centro/agencia transcriptor CCPB | B
245 00 - MENCIÓN DEL TÍTULO
Título Sur la législation et le commerce des grains /
Mención de responsabilidad, etc. Necker. Dialogues sur le commerce des grains / Galiani. Quelle influence ont les diverses espèces d'impots sur la moralité, l'activité et l'industrie des peuples / Montyon. Lettres sur la défense de l'usure / J. Bentham ; précédés de notices historiques ... et accompagnés de commentaires et de notes explicatives par Gust. de Molinari.
260 ## - PUBLICACIÓN, DISTRIBUCIÓN, ETC.
Lugar de publicación, distribución, etc. Paris :
Nombre del editor, distribuidor, etc. chez Guillaumin et Ce,
Fecha de publicación, distribución, etc. 1848.
300 ## - DESCRIPCIÓN FÍSICA
Extensión [2], 592 p. ;
Dimensiones 25 cm.
490 1# - MENCIÓN DE SERIE
Mención de serie Mélanges d'économie politique
597 ## - NOTA DE DESCRIPCIÓN FÍSICA
NOTA DE DESCRIPCIÓN FÍSICA Cada obra, con antep. propia.
650 07 - PUNTO DE ACCESO ADICIONAL DE MATERIA--TÉRMINO DE MATERIA
Término de materia o nombre geográfico como elemento de entrada Economía
Fuente del encabezamiento o término embne
9 (RLIN) 12006
700 11 - ENTRADA AGREGADA--NOMBRE PERSONAL
Nombre de persona Bentham, Jeremy.
9 (RLIN) 27787
700 1# - ENTRADA AGREGADA--NOMBRE PERSONAL
Nombre de persona Necker, Jacques (
Fechas asociadas al nombre 1732-1804)
9 (RLIN) 154510
700 1# - ENTRADA AGREGADA--NOMBRE PERSONAL
Nombre de persona Galiani, Ferdinando (
Fechas asociadas al nombre 1728-1787)
9 (RLIN) 154511
700 1# - ENTRADA AGREGADA--NOMBRE PERSONAL
Nombre de persona Montyon, Antoine-Jean-Baptiste-Robert Auget,
Títulos y otros términos asociados al nombre baron de,
Fechas asociadas al nombre 1733-1820
9 (RLIN) 154512
700 1# - ENTRADA AGREGADA--NOMBRE PERSONAL
Nombre de persona Molinari, Gustave de,
Fechas asociadas al nombre 1819-1912
9 (RLIN) 130029
830 0# - PUNTO DE ACCESO ADICIONAL DE SERIE-TÍTULO UNIFORME
Título uniforme Mélanges d'économie politique
9 (RLIN) 222504
852 ## - LOCALIZACIÓN
Ubicación ES-MaACL
Número de control de estantería G-14362
Nota libre -- Enc. hol.
Encuadernación -- Edic.: El imp. es: Saint-Germain en Laye : Imprimerie de Beau -- Es el nº 2 de la serie
852 ## - LOCALIZACIÓN
Ubicación ES-MaACL
Número de control de estantería G-5721
Nota libre -- Enc. tela
Holdings
Estatus retirado Estado de pérdida Estado de daño No para préstamo Colección Biblioteca de origen Biblioteca actual Ubicación en estantería Fecha de adquisición Fuente de adquisición Total de préstamos Signatura topográfica completa Código de barras Visto por última vez Precio de reemplazo Tipo de ítem Koha
        Libros del s. XIX Biblioteca del Ateneo de Madrid Biblioteca del Ateneo de Madrid Depósito 2 17/01/2008     G-5721 1173998 23/02/2023 23/02/2023 Libro impreso antiguo
        Libros del s. XIX Biblioteca del Ateneo de Madrid Biblioteca del Ateneo de Madrid Sala Pecera Planta 3 17/01/2008     G-14362 1173997 23/02/2023 23/02/2023 Libro impreso antiguo